Quiz Un pays ... une question (10) - Statistiques

Statistiques générales
  • Ce quiz a été pris 26 fois
  • Le résultat moyen est 6 sur 16
Statistiques - réponses
Question Réponse % Correct
Au Bangladesh, le sport le plus populaire est ... le cricket
81%
Quelle(s) langue(s) n'est (ne sont) pas officielle(s) au Mexique ? l'anglais
54%
Le président Joseph dit Joe Biden est le *** président des Etats-Unis 46e
46%
Bien qu'étant le plus vaste pays du monde, la Russie est en terme de population le ... 9e
42%
Dans la République Démocratique du Congo, les noms des villes ont été modifiés après l'indépendance. Quelle association est fausse ? Stanleyville - Likasi
42%
Le plus grand temple bouddhiste du monde se trouve en Indonésie à Borobudur
38%
Laquelle de ces villes égyptiennes sur le Nil est la plus méridionale ? Assouan
35%
Le Pakistan a remporte 3 titres olympiques et 4 médailles d'or en coupe du monde dans ce sport... Hockey sur gazon
35%
Quelle boisson est servie en Ethiopie avec une jebena ? Le café
31%
Quelle affirmation est fausse concernant l'Inde ? La 1ère projection cinématographique en Inde a eu lieu en 1921
27%
Le Nigeria est le 1er producteur mondial de manioc
27%
Haiyan, Rai, Ondoy et Washi sont connus aux Philippines comme les noms de typhons
27%
Quelle ville a été la capitale impériale du Vietnam de 1802 à 1945 ? Hué
23%
Le Japon est un archipel qui compte un grand nombre d'îles mais combien ? On l'ignore
23%
Quel état du Brésil a rendu l'enseignement du français obligatoire dans les écoles publiques ? Amapa
19%
L'hymne de la Chine se nomme... La marche des volontaires
12%
Aucun quiz correspondant
Distribution des résultats
% des personnes avec chaque résultat
Percentile par nombre de réponses
Votre historique - résultats
Vous n’avez pas pris ce quiz